[Event "XIX Sants Open 2017"]
[Site "Cotxeres de Sants"]
[Date "2017.08.27"]
[Round "10"]
[White "Lopez Oliva, Victor"]
[Black "Martinez Gamiz, Marc"]
[Result "1/2-1/2"]
[WhiteElo "1530"]
[BlackElo "1318"]
[Annotator "NA RC"]
[PlyCount "76"]
[EventDate "2017.??.??"]
[EventType "swiss"]
[EventCountry "ESP"]
[SourceTitle "playchess.com"]
[Source "ChessBase"]
[SourceQuality "1"]
[TimeControl "40/5400+30:1800+30"]

1. e4 {[%emt 0:00:00]} c6 {[%emt 0:00:11]} 2. Nc3 {[%emt 0:00:00]} d5 {[%emt 0:00:21]} 3. Nf3 {[%emt 0:00:06]} Nf6 {[%emt 0:00:20]} 4. exd5 cxd5 {[%emt 0:00:31]} 5. d4 {[%emt 0:31:06]} Bg4 {[%emt 0:01:16]} 6. Be2 {[%emt 0:02:08]} e6 {[%emt 0:00:59]} 7. O-O {[%emt 0:00:26]} Nc6 {[%emt 0:01:39]} 8. h3 {[%emt 0:01:05]} Bxf3 {[%emt 0:01:29]} 9. Bxf3 {[%emt 0:00:06]} Qb6 {[%emt 0:02:52]} 10. Ne2 {[%emt 0:03:19]} Be7 {[%emt 0:04:48]} 11. c3 {[%emt 0:02:28]} O-O {[%emt 0:00:27]} 12. Qc2 {[%emt 0:02:13]} Rac8 {[%emt 0:00:53]} 13. Bf4 {[%emt 0:00:38]} Nxd4 {[%emt 0:06:44]} 14. Nxd4 {[%emt 0:06:21]} Qxd4 {[%emt 0:00:06]} 15. Be3 {[%emt 0:01:13]} Qc4 {[%emt 0:00:20]} 16. Be2 {[%emt 0:02:54]} Qc7 {[%emt 0:00:19]} 17. Rac1 {[%emt 0:13:19]} Bc5 {[%emt 0:03:25]} 18. Qd3 {[%emt 0:09:39]} Bxe3 {[%emt 0:00:44]} 19. Qxe3 {[%emt 0:00:06]} Qc5 {[%emt 0:00:30]} 20. Qxc5 {[%emt 0:06:55]} Rxc5 {[%emt 0:01:28]} 21. c4 {[%emt 0:00:10]} Rfc8 {[%emt 0:00:11]} 22. b3 {[%emt 0:00:21]} b5 {[%emt 0:00:09]} 23. Rfd1 {[%emt 0:00:53]} g5 {[%emt 0:02:56]} 24. b4 {[%emt 0:01:05]} R5c7 {[%emt 0:00:27]} 25. c5 {[%emt 0:00:26]} a6 {[%emt 0:01:22]} 26. a3 {[%emt 0:00:46]} Ne8 {[%emt 0:01:13]} 27. Ra1 {[%emt 0:00:32]} Rc6 {[%emt 0:01:07]} 28. Ra2 {[%emt 0:00:22]} Nc7 29. Rda1 {[%emt 0:01:25]} a5 {[%emt 0:02:29]} 30. Rd2 {[%emt 0:02:51]} Ra8 {[%emt 0:01:02]} 31. Rb1 {[%emt 0:01:35]} axb4 {[%emt 0:01:45]} 32. axb4 {[%emt 0:00:08]} f5 {[%emt 0:01:05]} 33. Rd3 {[%emt 0:04:43]} e5 {[%emt 0:01:44]} 34. Rg3 {[%emt 0:00:40]} h6 {[%emt 0:00:21]} 35. h4 {[%emt 0:00:34]} Rg6 {[%emt 0:00:15]} 36. hxg5 {[%emt 0:05:17]} hxg5 {[%emt 0:00:06]} 37. Rh3 {[%emt 0:01:04]} g4 {[%emt 0:00:17]} 38. Rh5 {[%emt 0:00:14]} Rf8 {[%emt 0:00:23]} 1/2-1/2